Jeografía descriptiva de la República de Chile. Arreglada según las últimas divisiones administrativas, las más recientes esploraciones i en conformidad al Censo Jeneral de la República levantado el 28 de noviembre de 1895
Uloženo v:
| Hlavní autor: | |
|---|---|
| Médium: | Kniha |
| Jazyk: | španělština |
| Vydáno: |
Santiago
Imprenta i Encuadernación Barcelona, Moneda, entre Estado i San Antonio
1897
|
| Vydání: | 4a. ed |
| Témata: | |
| Tagy: |
Přidat tag
Žádné tagy, Buďte první, kdo vytvoří štítek k tomuto záznamu!
|
MARC
| LEADER | 00000cam a2200000 a 4500 | ||
|---|---|---|---|
| 001 | UCJ8299 | ||
| 003 | CL-VaPUC | ||
| 008 | 070124e18970000CL |||||||||||||||||spa|d | ||
| 082 | 0 | 4 | |a 918.3 |b ESP |2 21 |
| 100 | 0 | |a Espinoza, Enrique |e author |9 517053 | |
| 245 | 1 | 0 | |a Jeografía descriptiva de la República de Chile. Arreglada según las últimas divisiones administrativas, las más recientes esploraciones i en conformidad al Censo Jeneral de la República levantado el 28 de noviembre de 1895 |
| 250 | |a 4a. ed | ||
| 300 | |a 493 p | ||
| 942 | |c BK | ||
| 945 | |d 20070124 00:00:00 |a rinostro | ||
| 260 | |a Santiago |b Imprenta i Encuadernación Barcelona, Moneda, entre Estado i San Antonio |c 1897 | ||
| 500 | |a Advierte errata; incluye un Apéndice que actualiza cierta información. La copia N§ 1 Trae todos sus mapas; en la copia N§ 2 faltan: Los mapas correspondientes a las Provincias de Antofagasta, Atacama y Copiapó. Existe una carpeta que contiene fotocopia de estos mapas de modo que futuras fotocopias se obtengan a partir de estas y no del original. La copia uno, además, trae adherido un recorte de prensa relativo a la Oficina Salitrera Humberstone, escrito por Don Enrique Skinner Zavala | ||
| 600 | 0 | 7 | |a SKINNER ZAVALA, ENRIQUE |2 CL-VaPUC |9 517054 |
| 650 | 0 | |a Geografía de Chile |9 268295 | |
| 650 | 0 | |a Mapas |9 260844 | |
| 650 | 7 | |a CENSO 1895 |2 CL-VaPUC |9 517055 | |
| 650 | 0 | |a Recursos naturales |9 255232 | |
| 650 | 7 | |a SALITRERAS |2 CL-VaPUC |9 375452 | |
| 650 | 0 | |a Geografía histórica |9 267532 | |
| 650 | 7 | |a TOPONIMIA |2 CL-VaPUC |9 517056 | |
| 651 | 7 | |a HUMBERSTONE |2 CL-VaPUC |9 330046 | |
| 583 | |a last modification |c 20130114 09:20:35 |k Rodrigo Vera | ||
| 999 | |c 324070 |d 324068 | ||
| 952 | |0 0 |1 0 |4 0 |6 918_300000000000000_ESP_1897 |7 0 |8 X |9 403973 |a FDOBUD |b FDOBUD |d 2019-11-22 |i 1075616 |o 918.3 ESP 1897 |p 1075616 |r 2019-11-22 |w 2019-11-22 |y BK_X |k BUD | ||
| 952 | |0 0 |1 0 |4 0 |6 918_300000000000000_ESP_1897 |7 0 |8 X |9 403974 |a FDOBUD |b FDOBUD |d 2019-11-22 |i 1075624 |o 918.3 ESP 1897 |p 1075624 |r 2019-11-22 |w 2019-11-22 |y BK_X |k BUD | ||
| 952 | |0 0 |1 0 |4 0 |6 918_300000000000000_ESP_1897 |7 0 |8 X |9 403975 |a FDOBUD |b FDOBUD |d 2019-11-22 |i 4920406 |o 918.3 ESP 1897 |p 4920406 |r 2019-11-22 |w 2019-11-22 |y BK_X |k BUD | ||
| 952 | |0 0 |1 0 |3 erd |4 0 |6 918_300000000000000_ESP_1897 |7 0 |8 X |9 403976 |a BIBHIS |b BIBHIS |i 5354285 |o 918.3 ESP 1897 |p 5354285 |r 2024-01-30 |w 2019-11-22 |y BK_X |z Catalogado en:20161201 |k HIS | ||